Представление документа в формате MARC21

Поле Инд. ПП Название Значение
Тип записи a
Библиографический уровень m
001 Контрольный номер 4524e2f4c99644b1b845343ae20ac018
005 Дата корректировки 20260527121342.7
020 a ISBN 978-5-9963-3141-3
097 b Оператор *Ви*
100 1_ a Автор Босова Л.Л.
245 10 a Заглавие Информатика. 10 класс
b Продолж. заглавия учебник
b Продолж. заглавия в составе учебно-методического комплекса
260 a Место издания Москва
b Издательство БИНОМ. Лаборатория знаний
c Дата издания 2016
300 a Объем 288 c.
440 _0 a Серия УМК-У
516 8_ a Прим. о типе комп. файла/ данных Текст : электронный
535 1_ a Хранилище Сервер
583 a Действие Приписка : УМК
653 0_ a Ключевые слова Информатика
a Ключевые слова СПО
700 12 a Другие авторы Босова А.Ю.
773 18 w Контрольный № источника d9cb9f303c3040489b88d9191d4d6456
w Контрольный № источника 89ccc38136f34a95a07afc41fab568a3
900 a Имя макрообъекта 001-000188447-000000000-0000-0000-01
901 t Тип документа m
905 b Дата создания записи обработка 22.09.25
c Дата приписки 15.04.26
c Дата приписки 27.05.26